लगता है बेकार गये हम (Record no. 1021656)

MARC details
000 -LEADER
fixed length control field 01008nam a2200265Ia 4500
003 - CONTROL NUMBER IDENTIFIER
control field OSt
005 - DATE AND TIME OF LATEST TRANSACTION
control field 20221005111357.0
008 - FIXED-LENGTH DATA ELEMENTS--GENERAL INFORMATION
fixed length control field 221004b |||||||| |||| 00| 0 hin d
020 ## - INTERNATIONAL STANDARD BOOK NUMBER
International Standard Book Number 8170556619 (hbk)
037 ## - SOURCE OF ACQUISITION
Terms of availability Textual
040 ## - CATALOGING SOURCE
Original cataloging agency CRL
Transcribing agency CRL
Language of cataloging hin
041 ## - LANGUAGE CODE
Source of code hin
Language code of text/sound track or separate title hin
100 ## - MAIN ENTRY--PERSONAL NAME
Personal name राही मासूम रज़ा
245 #0 - TITLE STATEMENT
Title लगता है बेकार गये हम
246 ## - VARYING FORM OF TITLE
Title proper/short title Lagatā hai bekār gaye hama
260 ## - PUBLICATION, DISTRIBUTION, ETC.
Place of publication, distribution, etc. नई दिल्ली
Name of publisher, distributor, etc. वाणी प्रकाशन भारत
Date of publication, distribution, etc. 1999
300 ## - PHYSICAL DESCRIPTION
Extent 106पृ0
Dimensions cm.
700 ## - ADDED ENTRY--PERSONAL NAME
Personal name कुॅंवरपाल सिंह, संपा.
942 ## - ADDED ENTRY ELEMENTS (KOHA)
Classification part O152,4N27x, N9
Koha item type Textual
Source of classification or shelving scheme
Holdings
Withdrawn status Lost status Damaged status Not for loan Home library Current library Date acquired Source of acquisition Cost, normal purchase price Total Checkouts Full call number Barcode Date last seen Cost, replacement price Price effective from Koha item type
        Central Library Central Library 2022-10-05 572, 23/03/2009, Vani Prakashan 125.00   O152,4N27x N9 CL1450400 2022-10-05 125.00 2022-10-05 Textual
Copyright @ Delhi University Library System